000 00296nam a2200133Ia 4500
005 20251222154400.0
008 251222s9999||||xx |||||||||||||| ||spa||
082 _a813.54/L99
100 _aLutz, John
245 0 _aLa Deuda de Dancer
250 _a1ra.ed.
264 _bPenĂ­sula
942 _cLIB
999 _c35235
_d35235